Loading...
Samajvad Prashasan Aur Hum /
| Main Author: | |
|---|---|
| Format: | Printed Book |
| Language: | English |
| Published: |
National Pub. House,
1970.
|
| LEADER | 00352nam a2200109Ia 4500 | ||
|---|---|---|---|
| 008 | 150624b xxu||||| |||| 00| 0 eng d | ||
| 100 | |a Sampurnanand | ||
| 245 | |a Samajvad Prashasan Aur Hum / |c Sampurnanand | ||
| 260 | |b National Pub. House, |c 1970. | ||
| 942 | |c BK | ||
| 999 | |c 2413 |d 2413 | ||
| 952 | |0 1 |1 0 |4 0 |7 0 |9 2412 |a UL |b UL |c ST1 |d 1998-09-01 |l 0 |p 4736 |r 2012-10-27 |w 2012-10-27 |y BK | ||